Multifunkčný variabilný nábytok

Gespeichert in:
Bibliographische Detailangaben
1. Verfasser: Tináková, Diana (Verfasst von)
Weitere Verfasser: Paliatka, Peter (Betreuung Doktorarbeit)
Format: Manuskript Buch
Sprache:Slowakisch
Veröffentlicht: Bratislava 2019
Schlagworte:
Online-Zugang:http://is.stuba.sk/zp/portal_zp.pl?podrobnosti=133801
Tags: Tag hinzufügen
Keine Tags, Fügen Sie das erste Tag hinzu!

MARC

LEADER 00000ntm a22000003a 4500
001 stuzp74859
003 SK-STU
005 20200923094415.6
007 ta
008 150427s2015----xo-----f-mn---000-0-slo-d
040 |a STU  |b slo 
041 0 |a slo 
100 1 |a Tináková, Diana  |u 059190  |4 aut  |U FAD Fakulta architektúry  |T FA Ústav dizajnu  |X 82378  |U A9190  |Y 400  |7 82378 
242 0 1 |a Multifunctional variable furniture  |y eng 
245 1 0 |a Multifunkčný variabilný nábytok 
260 |c 2019  |a Bratislava 
650 4 |a nomád  |2 slo 
650 4 |a variabilita  |2 slo 
650 4 |a posteľ  |2 slo 
650 4 |a bed  |2 eng 
650 4 |a nomad  |2 eng 
650 4 |a variable  |2 eng 
700 1 |a Paliatka, Peter  |u 059190  |k Z1  |4 ths  |U FAD Fakulta architektúry  |T FA Ústav dizajnu  |X 332  |U A9190  |Y 400  |7 A000000332 
856 4 |u http://is.stuba.sk/zp/portal_zp.pl?podrobnosti=133801  |u https://opac.crzp.sk/?fn=detailBiblioForm&sid=819BE1355532A4D3161B64AB1E91